Spot The Nonexistent Language - Statistics

General Stats
  • This quiz has been taken 312 times
  • The average score is 7 of 10
Answer Stats
Question Answer % Correct
Spot the intruder! Margarine
90%
Spot the intruder! Jamboree
87%
Spot the intruder! Cantalese
85%
Spot the intruder! Romanish
85%
Spot the intruder! Asmara
77%
Spot the intruder! Chechnyan
72%
Spot the intruder! Bhutani
57%
Spot the intruder! Canadian Sign Language
43%
Spot the intruder! Senegalese
40%
Spot the intruder! Tutsi
40%
No matching quizzes found
Score Distribution
Percent of People with Each Score
Percentile by Number Answered
Your Score History
You have not taken this quiz